[Event "IPCA Wch-A 8th"]
[Site "Wisla"]
[Date "2007.05.23"]
[Round "9"]
[White "Linqvist, Grels"]
[Black "Shliahtich, Galina"]
[Result "0-1"]
[WhiteElo "2057"]
[BlackElo "2204"]
[PlyCount "68"]
[EventDate "2007.05.15"]
[EventType "swiss"]
[EventRounds "9"]
[EventCountry "POL"]
[SourceTitle "EXT 2011"]
[Source "ChessBase"]
[SourceDate "2010.11.26"]
[SourceVersion "1"]
[SourceVersionDate "2010.11.26"]
[SourceQuality "1"]

1. c4 e6 2. Nc3 Bb4 3. Qc2 Nf6 4. a3 Bxc3 5. Qxc3 0-0 6. g3 d6 7. Bg2 e5 8. b4 a5 9. Bb2 axb4 10. axb4 Rxa1+ 11. Bxa1 Nbd7 12. Nf3 b5 13. d3 c5 14. 0-0 bxc4 15. Qxc4 Nb6 16. Qh4 cxb4 17. Qxb4 Nbd5 18. Qa3 Re8 19. Nd2 Nb6 20. h3 d5 21. Bc3 Nbd7 22. Rb1 Qc7 23. Bb4 Re6 24. Rc1 Qb8 25. Ba5 Ba6 26. e3 Qa8 27. Bf1 h5 28. Bb4 h4 29. g4 e4 30. d4 Qb7 31. Bxa6 Rxa6 32. Qc3 Qb5 33. Be7 Qe2 34. g5 Ra2 0-1

[Event "IPCA Wch-A 8th"]
[Site "Wisla"]
[Date "2007.05.22"]
[Round "8"]
[White "Shliahtich, Galina"]
[Black "Krikunov, Viktor"]
[Result "0-1"]
[WhiteElo "2204"]
[BlackElo "2200"]
[PlyCount "58"]
[EventDate "2007.05.15"]
[EventType "swiss"]
[EventRounds "9"]
[EventCountry "POL"]
[SourceTitle "EXT 2011"]
[Source "ChessBase"]
[SourceDate "2010.11.26"]
[SourceVersion "1"]
[SourceVersionDate "2010.11.26"]
[SourceQuality "1"]

1. e4 e5 2. Nf3 Nc6 3. Bc4 Nf6 4. d3 Be7 5. c3 d6 6. Bb3 0-0 7. 0-0 Na5 8. Bc2 c5 9. Nbd2 Qc7 10. Re1 b5 11. Nf1 Nc6 12. Ne3 Rb8 13. h3 b4 14. Nh2 Be6 15. Nhg4 Nxg4 16. hxg4 bxc3 17. bxc3 Bg5 18. Bb3 Qd8 19. Bd5 Bxe3 20. Bxe3 Bxd5 21. exd5 Ne7 22. c4 f5 23. Bg5 h6 24. Bxe7 Qxe7 25. gxf5 Rxf5 26. Rb1 Qh4 27. g3 Qf6 28. Re2 Rh5 29. Rbb2 Qf3 0-1

[Event "IPCA Wch-A 8th"]
[Site "Wisla"]
[Date "2007.05.21"]
[Round "7"]
[White "Shliahtich, Galina"]
[Black "Zigangareev, Makhmut"]
[Result "1-0"]
[WhiteElo "2204"]
[BlackElo "2097"]
[PlyCount "101"]
[EventDate "2007.05.15"]
[EventType "swiss"]
[EventRounds "9"]
[EventCountry "POL"]
[SourceTitle "EXT 2011"]
[Source "ChessBase"]
[SourceDate "2010.11.26"]
[SourceVersion "1"]
[SourceVersionDate "2010.11.26"]
[SourceQuality "1"]

1. e4 c5 2. Nf3 d6 3. c3 Nc6 4. h3 Nf6 5. Bd3 e5 6. Bc2 Be7 7. 0-0 0-0 8. d3 h6 9. Nbd2 Be6 10. Re1 Qd7 11. d4 exd4 12. cxd4 cxd4 13. Nb3 d3 14. Bxd3 d5 15. e5 Ne4 16. Nbd4 Nxd4 17. Nxd4 Bc5 18. Bxe4 dxe4 19. Nxe6 Qxe6 20. Rxe4 Qf5 21. Qf3 Qe6 22. Be3 Rac8 23. b3 b6 24. Rd1 Be7 25. Qg4 Qc6 26. Rc4 Qe6 27. Qxe6 fxe6 28. Rd7 Rxc4 29. bxc4 Bc5 30. Bxc5 bxc5 31. Rc7 Rf4 32. Rxc5 Re4 33. Kf1 Kf7 34. f3 Rd4 35. Ra5 Rxc4 36. Rxa7+ Kg6 37. Re7 Rc2 38. Rxe6+ Kf5 39. Re7 g5 40. Rh7 Rxa2 41. Rxh6 Kxe5 42. Kg1 Kf4 43. Kh2 Kf5 44. Kg3 Ra4 45. h4 gxh4+ 46. Rxh4 Ra2 47. Rh5+ Kg6 48. Rb5 Rc2 49. Kh3 Rc1 50. Kg4 Rc4+ 51. f4 1-0

[Event "UKR-ch (Women)"]
[Site "Alushta"]
[Date "2004.05.12"]
[Round "9"]
[White "Zdebskaja, Natalia"]
[Black "Shliahtich, Galina"]
[Result "1-0"]
[WhiteElo "2360"]
[BlackElo "2197"]
[PlyCount "65"]
[EventDate "2004.05.04"]
[EventType "swiss"]
[EventRounds "9"]
[EventCountry "UKR"]
[SourceTitle "CBM 100 Extra"]
[Source "ChessBase"]
[SourceDate "2004.07.06"]
[SourceVersion "2"]
[SourceVersionDate "2004.07.06"]
[SourceQuality "1"]

1. e4 c5 2. Nf3 d6 3. d4 cxd4 4. Nxd4 Nf6 5. Nc3 a6 6. g3 e5 7. Nde2 b5 8. Bg2 Bb7 9. a4 b4 10. Nd5 Nxd5 11. exd5 a5 12. 0-0 g6 13. f4 Bg7 14. f5 Nd7 15. g4 Bf6 16. Ng3 Nc5 17. Be3 Bh4 18. Qf3 Qc7 19. g5 Bxg3 20. Qxg3 0-0-0 21. fxg6 fxg6 22. Rf6 Rhf8 23. Raf1 Rxf6 24. gxf6 Kb8 25. f7 Nd7 26. Bg5 Rc8 27. Bh3 Qc5+ 28. Be3 Qxd5 29. Bxd7 Qh1+ 30. Kf2 Rxc2+ 31. Ke1 Qe4 32. f8Q+ Kc7 33. Bb5 1-0

[Event "UKR-ch (Women)"]
[Site "Alushta"]
[Date "2004.05.08"]
[Round "5"]
[White "Babiy, Olga"]
[Black "Shliahtich, Galina"]
[Result "0-1"]
[WhiteElo "1983"]
[BlackElo "2197"]
[PlyCount "74"]
[EventDate "2004.05.04"]
[EventType "swiss"]
[EventRounds "9"]
[EventCountry "UKR"]
[SourceTitle "CBM 100 Extra"]
[Source "ChessBase"]
[SourceDate "2004.07.06"]
[SourceVersion "2"]
[SourceVersionDate "2004.07.06"]
[SourceQuality "1"]

1. e4 c5 2. Nf3 d6 3. d4 cxd4 4. Nxd4 Nf6 5. Nc3 a6 6. Bc4 e6 7. Bb3 Nbd7 8. 0-0 Nc5 9. Qe2 Be7 10. f4 0-0 11. Nf3 b5 12. e5 Ne8 13. Be3 Qc7 14. Kh1 Bb7 15. Rad1 g6 16. Qf2 Rc8 17. f5 exf5 18. Bh6 dxe5 19. Bxf8 Bxf8 20. Bd5 Bg7 21. Ng5 Bxd5 22. Nxd5 Qb7 23. Qh4 h6 24. Nf3 Kf8 25. Qb4 e4 26. Nh4 Kg8 27. g3 e3 28. Rfe1 Nf6 29. c4 Nxd5 30. cxd5 Ne4 31. Kg1 Nf2 32. Rc1 Rxc1 33. Rxc1 Nd3 34. Qd6 Nxc1 35. Qd8+ Kh7 36. d6 e2 37. Ng2 Qf3 0-1

[Event "UKR-ch (Women)"]
[Site "Alushta"]
[Date "2004.05.05"]
[Round "2"]
[White "Shliahtich, Galina"]
[Black "Dolzhikova, Kateryna"]
[Result "0-1"]
[WhiteElo "2197"]
[BlackElo "2151"]
[PlyCount "114"]
[EventDate "2004.05.04"]
[EventType "swiss"]
[EventRounds "9"]
[EventCountry "UKR"]
[SourceTitle "CBM 100 Extra"]
[Source "ChessBase"]
[SourceDate "2004.07.06"]
[SourceVersion "2"]
[SourceVersionDate "2004.07.06"]
[SourceQuality "1"]

1. e4 c5 2. Nf3 d6 3. d4 cxd4 4. Nxd4 Nf6 5. Nc3 g6 6. g3 Bg7 7. Bg2 0-0 8. 0-0 Nc6 9. Nde2 Be6 10. h3 Rc8 11. Be3 Qa5 12. Nd5 Bxd5 13. exd5 Ne5 14. b3 a6 15. a4 Ned7 16. Bd4 Nc5 17. c3 Qc7 18. h4 e5 19. dxe6 fxe6 20. Bh3 Rce8 21. b4 Nce4 22. Qd3 e5 23. Be3 d5 24. a5 Kh8 25. Rfd1 Nd6 26. Bc5 Rf7 27. f4 e4 28. Qc2 Nc4 29. g4 Qd7 30. Qa4 Qxa4 31. Rxa4 Nb2 32. Raa1 Nxd1 33. Rxd1 Bf8 34. Bd4 Bg7 35. Bb6 Nd7 36. Be3 Ne5 37. fxe5 Rf3 38. Bf4 Rxh3 39. Rxd5 Rxh4 40. Kf2 Rxg4 41. Ke3 g5 42. Bg3 h5 43. e6 Rxe6 44. c4 Rf6 45. Bb8 Rf3+ 46. Kd2 Rg2 47. Ba7 Bc3+ 48. Kd1 Rf1+ 49. Kc2 Rxe2+ 50. Kxc3 Rf3+ 51. Kd4 Rd3+ 52. Ke5 Rxd5+ 53. cxd5 Kg8 54. Ke6 e3 55. d6 Rd2 56. d7 e2 57. Bf2 h4 0-1

[Event "Olympiad Women-35"]
[Site "Bled"]
[Date "2002.11.01"]
[Round "7.1"]
[White "Shliahtich, Galina"]
[Black "Petrenko, Svetlana"]
[Result "0-1"]
[WhiteElo "2197"]
[BlackElo "2349"]
[PlyCount "151"]
[EventDate "2002.10.26"]
[EventType "team-swiss"]
[EventRounds "14"]
[EventCountry "SLO"]
[SourceTitle "EXT 2003"]
[Source "ChessBase"]
[SourceDate "2002.11.25"]
[SourceVersion "1"]
[SourceVersionDate "2002.11.25"]
[SourceQuality "1"]
[WhiteTeam "IPCA (W)"]
[BlackTeam "Moldova (W)"]
[BlackTeamCountry "MDA"]

1. Nf3 d5 2. g3 g6 3. Bg2 Bg7 4. d4 Nf6 5. c4 c6 6. cxd5 cxd5 7. 0-0 0-0 8. Ne5 Nc6 9. Nc3 Be6 10. Nxc6 bxc6 11. Na4 Nd7 12. Bf4 Qa5 13. Rc1 Rac8 14. Be3 Bf5 15. b3 Qb4 16. Qe1 Qb5 17. Qd2 Rfe8 18. Rfe1 a5 19. f3 e5 20. dxe5 Bxe5 21. Bf2 Bg7 22. e4 dxe4 23. fxe4 Be6 24. Nc5 Ne5 25. Red1 Bg4 26. Re1 Rcd8 27. Qf4 Qb4 28. h3 Bc8 29. Red1 Qa3 30. Rxd8 Rxd8 31. Rc2 Rd1+ 32. Kh2 Qb4 33. Qg5 f6 34. Qe3 Bf8 35. Qe2 Rd8 36. Bf1 Bh6 37. Be1 Qb6 38. Qf2 Bf8 39. Qxf6 Bg7 40. Qf2 Rf8 41. Qe2 Nf3+ 42. Kg2 Bxh3+ 43. Kxh3 Ng1+ 44. Kg2 Nxe2 45. Bxe2 Re8 46. Bf2 Qc7 47. Rd2 Rd8 48. Rc2 Qe5 49. Bc4+ Kh8 50. Re2 Rd1 51. Ne6 Bf6 52. a4 Qh5 53. Bg1 g5 54. Rf2 Qg6 55. Rf5 Rd2+ 56. Bf2 h6 57. g4 Be7 58. Kf3 h5 59. Be1 hxg4+ 60. Ke3 Rc2 61. Nd4 Rc1 62. Bxa5 g3 63. Ne2 g2 64. Kf2 Qxf5+ 65. exf5 g1Q+ 66. Nxg1 Bc5+ 67. Kf3 Rxg1 68. Bc3+ Kh7 69. f6 Rd1 70. Kg4 Kg6 71. f7 Bd6 72. a5 Rg1+ 73. Kf3 Rg3+ 74. Ke4 Rxc3 75. a6 Rc1 76. Kd4 0-1

[Event "Olympiad Women-35"]
[Site "Bled"]
[Date "2002.10.28"]
[Round "3.1"]
[White "Tetenkina, Irina"]
[Black "Shliahtich, Galina"]
[Result "1-0"]
[WhiteElo "2251"]
[BlackElo "2197"]
[PlyCount "83"]
[EventDate "2002.10.26"]
[EventType "team-swiss"]
[EventRounds "14"]
[EventCountry "SLO"]
[SourceTitle "EXT 2003"]
[Source "ChessBase"]
[SourceDate "2002.11.25"]
[SourceVersion "1"]
[SourceVersionDate "2002.11.25"]
[SourceQuality "1"]
[WhiteTeam "Belarus (W)"]
[BlackTeam "IPCA (W)"]
[WhiteTeamCountry "BLR"]

1. Nf3 Nf6 2. c4 g6 3. Nc3 Bg7 4. g3 0-0 5. Bg2 d6 6. d4 Nbd7 7. 0-0 c6 8. e4 e5 9. h3 exd4 10. Nxd4 Re8 11. Be3 Nc5 12. Qc2 a5 13. Rad1 Qe7 14. Rfe1 Nfd7 15. b3 Nf8 16. Bf4 Be5 17. Be3 Bd7 18. a3 Nfe6 19. Nde2 Rad8 20. f4 Bg7 21. Bf2 Bc8 22. Nc1 Qf6 23. N1e2 Qe7 24. b4 axb4 25. axb4 Na6 26. Bb6 Rd7 27. Qb3 g5 28. f5 Nf8 29. Nd4 Be5 30. Nce2 c5 31. Nc2 Nxb4 32. Nxb4 cxb4 33. Qxb4 Qf6 34. Rd3 Rde7 35. Bd4 Nd7 36. Red1 Nb8 37. Bxe5 dxe5 38. Rd6 Qh8 39. Rd8 Qf6 40. R1d6 Nc6 41. Qc5 Qh8 42. Rxc6 1-0